logo

USO LEGAL DE LOS DRONES (RPA): AMBITO POLICIAL Y USO PRIVADO (Record no. 67665)

MARC details
000 -CABECERA
campo de control de longitud fija 00517nam a2200193Ia 4500
001 - NÚMERO DE CONTROL
campo de control 32280
005 - FECHA Y HORA DE LA ÚLTIMA TRANSACCIÓN
campo de control 20260407100314.0
008 - CÓDIGOS DE INFORMACIÓN DE LONGITUD FIJA
campo de control de longitud fija 260115s9999 xx 000 0 und d
010 ## - NÚMERO DE CONTROL DE LA BIBLIOTECA DEL CONGRESO
Número de control de LC 67665
020 ## - NÚMERO INTERNACIONAL NORMALIZADO PARA LIBROS(ISBN)
Número Internacional Normalizado para Libros (ISBN) 978-84-290-2064-9
035 ## - NÚMERO DE CONTROL DEL SISTEMA
Número de control de sistema 21895
090 ## - LOCALMENTE ASIGNADO TIPO-LC NÚMERO DE CLASIFICACIÓN (OCLC); NÚMERO DE CLASIFICACIÓN LOCAL (RLIN)
Número de clasificación (OCLC) (R) ; Numero de clasificación CALL (RLIN) (NR) 343-9
100 ## - PUNTO DE ACCESO PRINCIPAL - NOMBRE DE PERSONA
Nombre de persona FERNANDEZ GONZALEZ, CARLOS MANUEL Y AYLLON SANTIAGO, HECTOR
245 #0 - MENCIÓN DE TÍTULO
Título USO LEGAL DE LOS DRONES (RPA): AMBITO POLICIAL Y USO PRIVADO
260 ## - PUBLICACIÓN, DISTRIBUCIÓN, ETC. (PIE DE IMPRENTA)
Nombre del editor distribuidor etc. REUS EDITORIAL
Fecha de publicación distribución etc. 2018
630 ## - PUNTO DE ACCESO ADICIONAL DE MATERIA--TÍTULO UNIFORME
Título uniforme CRIMINOLOGIS
650 ## - PUNTO DE ACCESO ADICIONAL DE MATERIA--TÉRMINO DE MATERIA
Término de materia o nombre geográfico como elemento inicial DERECHO
942 ## - ELEMENTOS DE PUNTO DE ACCESO ADICIONAL (KOHA)
Tipo de ítem Koha Monografías
Holdings
Estado de retiro Estado de pérdida Estado dañado No para préstamo Código de colección Localización permanente Ubicación/localización actual Ubicación en estantería Fecha de adquisición Enumeración/cronología de publicación seriada Número de inventario Número de registro Total de préstamos Signatura topográfica completa Código de barras Fecha visto por última vez Número de copia Precio válido a partir de Tipo de ítem Koha Nota pública
          Servicio de Estudios Históricos Servicio de Estudios Históricos   21/08/2018 343-9 29108 29108   21895 FH_32280 05/02/2026 1 05/02/2026 Monografías 24X16 CMS, 347 PAG, DONACION, 978-84-290-2064-9